000 00922nam a2200277Ia 4500
003 OSt
005 20220918170235.0
006 a|||||r|||| 00| 0
007 ta
008 220917b |||||||| |||| 00| 0 eng d
020 _a978 90 272 5712 3 (hbk)
_cEURO 105.00
024 _a317,696
037 _b12996, 08/03/2017, Elite Publishers Distributors
_cTextual
040 _aARTS
_cARTS
_beng
041 _2eng
_aeng
082 _aP:2, Q6
100 _aSiddiqi Daniel Ed.
_927860
245 0 _aMorphological metatheory
260 _aAmsterdam
_bJohn Benjamins Publishing Company The Netherlands
_c2016
300 _axiii,547p.
_ccm.
490 _aLinguistik aktuell linguistics today; 229
650 _aMORPHOLOGY
700 _a Harley Heidi Ed.
_927861
942 _hP:2, Q6
_cTEXL
_2CC
999 _c133229
_d133229